| 000 | 00743nam a22001817a 4500 | ||
|---|---|---|---|
| 999 |
_c61194 _d61194 |
||
| 005 | 20231229123451.0 | ||
| 008 | 231229s1988 ru ||||| |||| 00| 0 rus d | ||
| 020 | _a5020099376 | ||
| 041 | _arus | ||
| 080 | _a94(3) И-90 | ||
| 245 |
_aИстория первобытного общества : _bЭпоха классообразования / _cОтв. ред. Бромлей. |
||
| 264 |
_aМ.: _bНаука, _c1988. |
||
| 300 |
_a568 с.; _b22 см. |
||
| 653 | _aპირველყოფილი საზოგადოების ისტორია. | ||
| 653 | _aკლასების ფორმირების ერა | ||
| 700 |
_aБромлей, Ю.В. _eრედაქტორი _920933 |
||
| 942 |
_2udc _cBK |
||